003900000a22001090004500090001700000245007100017041001400088100004200102942001300144773010600157999001700263 aASbSeriadas10aRegistros nuevos para la flora de uredinales () de Colombia0 aEspañol1 aPardo Cardona, Víctor Manuel999084 cARTICULO1 tRevista de la Academia Colombiana de Ciencias Exactas, Fisicas y Naturales332h84q347-354d1998g22 c14251d14251